Alfred Krupp y su linaje: historia de una empresa familiar alemana
Na minha lista:
| Autor principal: | |
|---|---|
| Formato: | Livro |
| Idioma: | espanhol |
| Publicado em: |
Berlín
Sozialpolitik
1937
|
| Assuntos: | |
| Tags: |
Adicionar Tag
Sem tags, seja o primeiro a adicionar uma tag!
|
MARC
| LEADER | 00000nam a2200000 a 4500 | ||
|---|---|---|---|
| 001 | UCP7990 | ||
| 003 | CL-VaPUC | ||
| 008 | 000106e19370000GW |||||||||||||||||spa|d | ||
| 082 | 0 | 4 | |a 923.8 |b BER |2 21 |
| 100 | 0 | |a Berdrow, Wilhelm |e author |9 437764 | |
| 245 | 1 | 0 | |a Alfred Krupp y su linaje: historia de una empresa familiar alemana |
| 300 | |a 343 p | ||
| 942 | |c BK | ||
| 945 | |d 20000106 00:00:00 |a rherrera | ||
| 260 | |a Berlín |b Sozialpolitik |c 1937 | ||
| 650 | 0 | |a Biografías |9 255210 | |
| 650 | 0 | |a Empresa familiar |9 407080 | |
| 650 | 7 | |a INDUSTRIA SIGLO 17 |2 CL-VaPUC |9 437765 | |
| 650 | 0 | |a Aceros |9 260685 | |
| 583 | |a last modification |c 20160105 12:42:18 |k Rodrigo Vera | ||
| 999 | |c 285025 |d 285023 | ||
| 952 | |0 0 |1 0 |4 0 |6 923_800000000000000_BER_1937 |7 0 |8 X |9 329374 |a BIBHIS |b BIBHIS |d 2019-11-20 |i 1377167 |o 923.8 BER 1937 |p 1377167 |r 2024-01-30 |w 2019-11-20 |y BK_X |k HIS | ||